00551nam a2200145Ia 4500008004100000245013100041260003500172260000900207300000800216650001800224650001500242856005600257999001900313952007300332170221s9999 xx 000 0 und d aPromoting and Maintaining Bilingualism and Biliteracy: Cognitive and Biliteracy Benefits & Strategies for Monolingual Teachers bThe Open Communication Journal c2015 a9 : xCommunication xMedia Arts uhttps://benthamopen.com/TOCOMMJ/VOLUME/9/ISSUE/001/ c307086d307086 001040aCLbCLd2017-02-21l0r2017-02-21 00:00:00w2017-02-21yFOJ